000 005630000a22001690004500
003 MACL
005 20160401123841.0
008 160401b xxu||||| |||| 00| 0 eng d
040 _aMACL
_cMACL
041 _aHindi
082 _a370
100 _aसुजीत के चक्रवर्ती
_949566
245 _aभारत में दृश्‍य श्रव्‍य शिक्षा
260 _bसुजीत कुमार चक्रवर्ती
_aकलकत्‍ता
650 _aEducation
_949567
942 _cHIN
_k370
_2ddc
999 _c22123
_d22123